[Event "Foros Aerosvit 3rd"]
[Site "Foros"]
[Date "2008.06.10"]
[Round "3"]
[White "Eljanov, Pavel"]
[Black "Shirov, Alexei"]
[Result "1-0"]
[WhiteElo "2687"]
[BlackElo "2740"]
[Annotator "Eljanov,P"]
[PlyCount "77"]
[EventDate "2008.06.08"]
[EventType "tourn"]
[EventRounds "11"]
[EventCountry "UKR"]
[EventCategory "19"]
[SourceTitle "CBM 125"]
[Source "ChessBase"]
[SourceDate "2008.07.30"]
[SourceVersion "1"]
[SourceVersionDate "2008.07.30"]
[SourceQuality "1"]

1. Nf3 Nf6 2. c4 g6 3. Nc3 d5 4. cxd5 Nxd5 5. Qa4+ Bd7 6. Qb3 Nb6 7. d4 Bg7 8.
Bf4 $5 {One of the popular possiblities to escape the Grünfeld nowadays. Eine
der beliebten Möglichkeiten heutzutage, Grünfeld zu entfliehen.} O-O 9. e3 Be6
10. Qa3 N8d7 11. Rd1 Nd5 $5 $146 {I calculated this move during my game
against Svidler 2 rounds earlier. Diesen Zug hatte ich zwei Runden zuvor in
meiner Partie gegen Svidler berechnet.} ({But Petya choose Petya wählte
allerdings ohne großes Nachdenken} 11... c6 {without much thinking and I
forgot completely about the 11...Nd5 move and did not analyse it during my
preparation for Shirov! , worauf ich die Möglichkeit 11...Nd5 komplett vergaß
und während meiner Vorbereitung auf Shirov nicht analysierte!} 12. Ng5 Bd5 $5
13. e4 e5 $5 14. dxe5 Bxe5 15. Bxe5 Nxe5 16. h4 (16. f4 $5) 16... Qe8 17. h5 f6
18. Nf3 Nbc4 19. Bxc4 Nxc4 20. Qb3 Nd2 21. Qxb7 Rf7 22. Qb4 Rb8 23. Qd4 Bxe4
24. Rxd2 Bxf3+ 25. Kf1 Bxh5 26. Ne4 Qe5 27. Qxe5 fxe5 28. Rh4 Rf4 29. Rxf4 exf4
30. f3 Kf8 31. Rd7 Rxb2 32. Rxa7 Rb1+ 33. Kf2 Rb2+ 34. Kf1 Rb1+ 35. Kf2 Rb2+
36. Kg1 Rb1+ 37. Kh2 Rb2 38. Kg1 Rb1+ 39. Kh2 Rb2 40. Kg1 {1/2 Eljanov,P (2687)
-Svidler,P (2745)/Foros 2008}) 12. Nxd5 Bxd5 13. Be2 c6 14. O-O Re8 $1 {
The move e5 is coming, so Black is quite ok here. Der Zug e5 kommt, also steht
Schwarz hier ganz okay.} 15. Bg3 Qb6 16. b3 e5 {But this obvious move is a
little inaccuracy, Black is not forced yet to hurry and can try to put some
pressure on the queenside. Aber dieser offensichtliche Zug ist eine kleine
Ungenauigkeit; Schwarz braucht noch nichts zu überstürzen und kann versuchen,
etwas Druck auf den Damenflügel zu entfalten.} (16... a5 $5 17. Bc4 Qb4 18. Qc1
e6 19. a3 Qe7 $132) 17. Nxe5 Nxe5 18. dxe5 Bxe5 19. Bc4 $1 {Unfortunately for
him Alexei thought that the position was completely equal, but it is not
completely so. Zu seinem Pech hielt Alexei die Stellung für völlig
ausgeglichen, das stimmt aber nicht ganz.} Bxc4 (19... Rad8 20. Bxd5 cxd5 21.
Bxe5 Rxe5 22. Rd4 Re4 23. Rfd1 Rxd4 24. Rxd4 Rc8 25. g4 $5 $14 {I remember
this move in a similar situation from... a game of Alexei against Naiditsch in
Khanty-Mansiysk 2005, that he won convincingly! An diesen Zug erinnere ich
mich in einer ähnlichen Situation aus... einer Partie von Alexei gegen
Naiditsch in Khanty-Mansiysk 2005, welche er überzeugend gewann.}) 20. bxc4
Bxg3 (20... Qc7 21. Bxe5 (21. Rd3 Bxg3 22. hxg3 b6 23. Rfd1 Rad8 $11) 21...
Rxe5 22. Rd4 $14 {/=}) 21. hxg3 Re4 $2 ({Alexei failed to find the precise way
to equalise: Alexei versäumte es, den präzisen Ausgleichsweg zu finden:} 21...
Red8 $1 22. c5 (22. Qe7 Re8 23. Qf6 Re6 24. Qf4 Re7 $11) 22... Qb5 (22... Qc7
23. Rd6 $14) 23. Rxd8+ (23. Rd6 Rxd6 24. cxd6 Qd5 $1) 23... Rxd8 24. Qxa7 Kg7
25. Qa3 Rd5 26. Qc3+ Kg8 27. Rc1 Qe2 $1 $11 {- the key move! I cannot defend
from perpetual check - and the pawn on a2 is hanging. - der Schlüsselzug. Ich
kann das Dauerschach nicht verhindern - und der Bauer auf a2 hängt.}) (21...
Rad8 22. c5 (22. Rb1 Qa6 23. Qxa6 bxa6 24. Rb7 Rd2 25. a4 Ra2 $11) 22... Qa6
23. Qxa6 bxa6 24. Rd6 Rxd6 25. cxd6 Rd8 26. Rd1 f5 (26... Rd7 27. e4 f6 28. f4
Kf7 29. f5 $14) 27. d7 c5 28. Kf1 Kf7 29. Rd5 c4 30. Rc5 Rxd7 31. Rxc4 $14) 22.
Rd7 $1 Rae8 (22... Rxc4 23. Qe7 $16) 23. c5 Qb5 24. Qxa7 Ra4 25. Qb6 $1 {
I believe that this move is the strongest! Dieser Zug ist meines Erachtens am
stärksten!} ({as after , denn nach} 25. Qxb7 Qxb7 26. Rxb7 Rxa2 27. Rc1 (27.
Rd1 Re5 $1 $132) 27... Rd8 $1 28. Rb6 Rdd2 29. Rf1 Rdc2 30. Rxc6 Ra5 {the
endgame is theoretically drawn. ist das Endspiel theoretisch remis.}) 25...
Qxb6 26. cxb6 Rb8 27. Rb1 $1 {Another important decision. Noch eine wichtige
Entscheidung.} (27. Rfd1 Rb4 28. Re7 Rxb6 29. Rdd7 Rb1+ 30. Kh2 Rf8 31. g4 $14
{I have some pressure, but do not believe that it could be enough to win. Ich
habe etwas Druck, glaube aber nicht, dass das zum Sieg ausreichen könnte.} (31.
Rxb7 Rxb7 32. Rxb7 Ra8 33. Rb2 f5 $132)) 27... Rxa2 28. Rb4 c5 {Black's
position is rather unpleasant and even with the help of a silicon friend it's
hard to guess which move is better. Die Stellung von Schwarz ist ziemlich
unangenehm, und selbst mit der Hilfe eines Silikonfreundes ist es schwer zu
erraten, welcher Zug besser ist.} (28... Ra6 29. g4 $1 g5 (29... c5 30. Rf4 f5
31. gxf5 Rxb6 32. f6 $16) 30. Kh2 Kg7 (30... c5 31. Rb5 $16) 31. Kg3 Kf6 32.
Rc7 Kg6 33. Rb3 Kf6 34. e4 $16 {Practically it's lost for Black because of the
absence of counterplay. Dies ist praktisch verloren für Schwarz aufgrund der
völligen Abwesenheit von Gegenspiel.}) 29. Re4 (29. Rf4 $5 {was a good
alternative: war eine gute Alternative:} f5 30. g4 Rb2 31. gxf5 Rxb6 32. f6 $16
) 29... Rb2 30. Ree7 Rb1+ 31. Kh2 Rxb6 32. Rxf7 Rc6 $2 {Clearly the decisive
mistake! Eindeutig der entscheidende Fehler!} (32... h5 {was the best try,
where I need to find a correct concept and have to calculate deeply variations
like: war der beste Versuch, wonach ich erst noch ein korrektes Konzept finden
und tief Varianten berechnen muss, zum Beispiel:} 33. Rg7+ (33. g4 $1) 33...
Kf8 34. g4 $1 (34. Rh7 Kg8 35. Rdg7+ Kf8 36. Rc7 Kg8 37. Rhd7 Rf6 38. f4 b5 39.
Rxc5 b4 40. Rcc7 Re6 41. Rg7+ Kh8 42. Rh7+ Kg8 $132) 34... hxg4 35. Kg3 (35.
Rdf7+ Ke8 36. Rc7 Kf8 37. Kg3 Rc8 $1) 35... Rf6 (35... Rc8 36. Rh7 Kg8 37.
Rdg7+ Kf8 38. Kxg4 c4 39. Rxb7 Rxb7 40. Rh8+ Ke7 41. Rxc8 $16) (35... Rd8 36.
Rdf7+ Ke8 37. Rc7 Kf8 38. Kxg4 $16) 36. Rh7 Kg8 37. Rdg7+ Kf8 38. Rc7 Kg8 39.
Rxb7 Rxb7 40. Rxb7 Rc6 41. Kxg4 c4 42. Rb2 $16 {and there is still no
guarantee of anything! Rook endings are very tricky and in one of these lines
there could be a draw. und noch immer ist nichts garantiert! Turmendspiele
sind sehr knifflig, und in einem dieser Abspiele könnte sich ein Remis
verbergen.}) 33. Rg7+ Kf8 34. Rxh7 Ke8 (34... Kg8 35. Rhg7+ $1 Kh8 36. Rxb7
Rxb7 37. Rxb7 c4 38. Kg1 c3 39. Rb1 $18) 35. Rd5 $1 {I had something like 3
minutes on the clock, so it's a good practical decision as the endgame after
35...Rbc8 should be lost. Ich hatte noch etwa 3 Minuten auf der Uhr, daher ist
dies eie gute praktische Entscheidung, denn das Endspiel nach 35...Rbc8 sollte
verloren sein.} Rcc8 (35... Rbc8 36. Rxb7 c4 37. Rdd7 $1 Kf8 38. Rd2 (38. Rh7
Kg8) 38... c3 39. Rc2 $18) 36. Re5+ $5 {Again the safest way, which becomes
the quickest thanks to my opponent! Wieder der sicherste Weg, der auch der
schnellste wird, dank der Hilfe meines Gegners!} ({But computer engines are
uncompromising judges! After Aber Computerengines sind kompromisslose Richter!
nach} 36. e4 $1 {I'm simply mating: setze ich einfach matt:} c4 37. e5 c3 38.
Rd6 $1 (38. Rdd7 Rc5) 38... c2 (38... Rc6 39. Rh8+ Ke7 40. Rxb8 $18) 39. Rxg6
Kf8 40. e6 $18) 36... Kf8 37. Rxc5 $1 Rxc5 38. Rh8+ Ke7 39. Rxb8 {And here
Alexei strangely enough resigned! Und hier gab Alexei seltsamerweise auf!} ({
After nach} 39. Rxb8 b5 {I would have to demonstrate precise technique! I
don't know which move I'd have chosen with something like 1 minute per move.
Most likely I would have chosen between the logical moves 40.g4 and 40.f4.
hätte ich noch präzise Technik demonstieren müssen! Ich weiß nicht, welche
Fortsetzung ich bei etwa einer Minute pro Zug gewählt hätte.
Höchstwahrscheinlich hätte ich zwischen den logischen Zügen 40.g4 und 40.f4
gewählt.} 40. f4 (40. Rb6 g5 (40... Kd7 41. Rxg6 b4 (41... Kc7 42. Rg4 Rc4 43.
Rg7+ Kb6 44. Rd7 b4 45. Rd1 Kb5 46. f4 b3 47. g4 Kb4 48. g5 b2 49. Rb1 Kb3 50.
Kg3 Kc2 51. Rxb2+ Kxb2 52. g6 $18) 42. Rb6 Rc4 43. f4 Kc7 44. Ra6 Rc3 45. Ra4
b3 46. e4 $18) 41. Kh3 Kd7 42. Kg4 Kc7 43. Ra6 Rc2 44. f4 gxf4 45. gxf4 Rxg2+
46. Kf5 Rg8 $132) (40. g4 Kd6 41. Kg3 (41. f4 $1) 41... Kc7 42. Ra8 b4 43. Ra1
b3 44. Rb1 Rb5 45. f4 Kd6 46. e4 Ke6 47. g5 Rb4 48. Kf3 b2 49. Ke3 Kd6 50. Kd3
Kc5 51. f5 gxf5 52. exf5 Kd6 53. Kc3 Rg4 54. Rxb2 Rxg5 $14) 40... Kd6 41. g4 ({
is maybe easiest (but I'm not sure that 40.f4 would have become my choice!)
ist vielleicht am einfachsten (wobei ich nicht sicher bin, ob 40.f4 meine Wahl
geworden wäre!)} 41. e4 $5 Kc7 42. Ra8 b4 43. Ra2 b3 44. Rb2 Rc3 45. Kh3 Re3
46. e5 Kc6 47. Kg4 Kd5 48. Kg5 $1 Rxg3+ 49. Kf6 $18) 41... Kc7 42. Ra8 b4 43.
Kg3 b3 44. Ra1 b2 $1 (44... Kd6 45. Rb1 Rb5 46. e4 b2 47. e5+ Ke6 48. Kh4 Kf7
49. Kg5 Rb8 50. g3 Rb3 51. Kh6 Rb6 52. g5 Rb8 53. Kh7 Rb7 54. g4 $18) 45. Rb1
Rc2 46. Kh4 Rxg2 47. Kg5 Kd6 {And here it looks study-like: Und hier wird es
studienmäßig:} 48. Kf6 $1 {The only way to win. Der einzige Gewinnweg.} (48. e4
Ke6 49. e5 Rf2 50. Rd1 Rd2 $11) ({Amazingly, after} 48. Kxg6 Rxg4+ 49. Kf6 Rg2
50. e4 Rh2 51. e5+ Kd7 52. e6+ Ke8 53. f5 Rh6+ $1 54. Ke5 Rh2 {I don't see any
chances to win as my king cannot find a safe haven. Ich sehe keine
Gewinnchancen, denn mein König findet keinen sicheren Hafen.} 55. Rg1 Kf8 56.
f6 Re2+ 57. Kd5 Rd2+ 58. Kc6 Rc2+ 59. Kd7 Rd2+ 60. Kc6 Rc2+ 61. Kd5 Rd2+ 62.
Kc4 Rc2+ 63. Kb3 Re2 64. e7+ Kf7 65. Rf1 b1=Q+ 66. Rxb1 Kxf6 $11) 48... Kd5 49.
g5 Kc4 50. Kxg6 $18) 1-0

[Event "ISR-ch"]
[Site "Ramat Aviv/Modiin"]
[Date "2000.12.22"]
[Round "6"]
[White "Finkel, Alexander"]
[Black "Sutovsky, Emil"]
[Result "1-0"]
[WhiteElo "2467"]
[BlackElo "2609"]
[Annotator "Finkel,A"]
[PlyCount "123"]
[EventDate "2000.12.17"]
[EventType "tourn"]
[EventRounds "11"]
[EventCountry "ISR"]
[EventCategory "11"]
[SourceTitle "CBM 081"]
[Source "ChessBase"]
[SourceDate "2001.03.20"]
[SourceVersion "1"]
[SourceVersionDate "2001.03.20"]
[SourceQuality "1"]

{[%mdl 20512]} 1. c4 Nf6 2. Nc3 d5 3. cxd5 Nxd5 4. Nf3 g6 5. e4 $1 {Of course
this move is far from being that strong, but agains Emil it's allways better
to keep the queens of the board!} Nxc3 6. dxc3 Qxd1+ 7. Kxd1 f6 8. Bc4 e5 9.
Be3 Nd7 10. Ke2 (10. Kc2 Bc5 11. Rhe1 Ke7 12. Nd2 a5 13. Rad1 Bxe3 14. Rxe3 Nb6
15. Rd3 Bd7 $15 {Ernst,S-Mikhalevski,V/VAM Hoogeveen op 1998}) (10. Nd2 a5 11.
Kc2 Bc5 12. Bxc5 Nxc5 13. Rhd1 Ke7 14. b4 axb4 15. cxb4 Ne6 16. Nb3 Rd8 17.
Rxd8 Kxd8 18. a4 $14 {Panzalovic,S-Christ,R/Open 1999}) 10... Nc5 (10... Bc5
11. Nd2 (11. Rhd1 Bxe3 12. Kxe3 Ke7 13. g3 Nb6 14. Nd2 Rd8 15. Bb3 a5 16. Nc4
Nxc4+ 17. Bxc4 $11 {Vodicka,V-Pribyl,J/CZE-chT2 1995}) (11. Bc1 Nb6 12. Bb3 Ke7
13. a4 a5 14. Ne1 Be6 15. Bxe6 Kxe6 16. Nd3 Nd7 17. f4 $14 {Hansen,L-Peelen,P/
OHRA-B 1989}) 11... a5 (11... Bxe3 12. Kxe3 Ke7 13. Rhd1 a5 14. Be2 Nc5 15. Nb3
Na4 16. Rd2 c6 $11 {Drogoon,A-Yandemirov,V/Minsk 1995}) 12. a4 Ke7 13. h4 Bxe3
14. Kxe3 Nc5 15. Nb3 Nxb3 16. Bxb3 $11 {Shalimov,V-Vokarev,S/Komercni Banka op
1997}) 11. Nd2 Bd7 (11... Be6 12. f3 O-O-O 13. Bxe6+ Nxe6 $11) 12. f3 a5 $5 13.
Rhc1 $1 b5 (13... Na4 14. Rab1 Bc5 15. Bxc5 Nxc5 16. b4 axb4 17. cxb4 Na4 18.
Bb3 $14) 14. Bb3 Bd6 (14... Nxb3 15. axb3 {[%csl Ra5]} Bd6 16. Ra2 (16. c4 Kf7
17. Ra2 Bb4 $1 $15) 16... Ke7 17. Rca1 a4 18. bxa4 bxa4 19. Rd1 Rhb8 $13) (
14... a4 15. Bc2 Ne6 16. b4 c5 17. bxc5 Bxc5 18. Rab1 Bxe3 19. Kxe3 Ke7 20. Bd3
Rab8 $11) 15. Bxc5 $1 Bxc5 16. a4 Ke7 17. axb5 Bxb5+ 18. Bc4 Bc6 ({I was
expecting} 18... c6 $5 {, but also the move in the game is not bad at all.})
19. Ra2 a4 $6 {There was no need to give white an opportunity to change the
lightsquared bishops.} (19... Rhd8 $1) 20. Bd5 $1 Bxd5 21. exd5 Kd6 $2 {
This move is mistake after which black has to defend till the end of the game
and as shows the game - the success is far from being granted.} (21... Rhd8 22.
Ne4 Bb6 (22... Rxd5 $2 23. c4 $18) 23. Rca1 (23. c4 Bd4 24. Nc3 $1 Bxc3 (24...
Rdb8 25. Nb5 $1 $16 {[%cal Gb5d4,Gb5c7]}) 25. Rxc3 Kd6 26. Rca3 Kc5 $11) 23...
Rxd5 24. Rxa4 Rxa4 25. Rxa4 f5 26. Nd2 $11) 22. Ne4+ Kxd5 23. Nxf6+ Kc4 24. Ne4
$1 $16 Bb6 25. Rca1 $1 Kb5 26. Kd3 (26. b3 $6 axb3 27. Rxa8 b2 $1 {[%csl Ra1,
Ra8]}) 26... Rhd8+ 27. Kc2 Ra5 28. Rd1 Rxd1 29. Kxd1 Kc4 30. Kc2 Be3 31. h3 (
31. Rxa4+ $6 Rxa4 32. b3+ Kb5 33. bxa4+ Kxa4 34. Nf6 h5 35. Nd5 Bg1 (35... Bb6
36. Ne7 g5 37. Nc6 Bg1 38. h3 Bh2 39. g4 $14) 36. h3 c5 (36... c6 $2 37. Ne7)
37. c4 $14) 31... Kd5 32. Kd3 Bc1 33. c4+ $1 (33. Nf6+ $5 Ke6 34. Nxh7 Rd5+ 35.
Ke4 Rd2 36. Rxa4 Bxb2 37. Ra6+ Kf7 38. Ng5+ Kg7 $16) 33... Kc6 34. b4 Ra8 35.
Kc2 Be3 $6 (35... Bh6 $5 {[%csl Rb4]}) 36. Nc3 $1 a3 37. Nb1 $1 Rb8 38. Rxa3
Bd4 39. Ra6+ Kd7 40. b5 $18 e4 $5 41. fxe4 Rf8 42. Kd3 Be5 43. Nd2 $6 (43. Ra2
$1 Rf1 44. Nc3 $18) 43... Rf2 44. Nf3 Bg3 $1 45. Ng5 $1 Bh4 $1 46. Ne6 (46.
Nxh7 Rf7 $13) 46... Rxg2 47. Nc5+ Ke8 (47... Ke7 $5 48. e5 Bg3 49. Rc6 $1 Kd8
50. Ne6+ Kd7 51. Nxc7 Bxe5 52. Nd5 $18) 48. e5 Be7 49. Ne4 Rh2 50. c5 Rxh3+ 51.
Kc4 Bd8 52. Ra8 Ke7 53. Nd6 $1 {[%csl Rd8]} Rh1 (53... cxd6 54. exd6+ Kd7 55.
c6+ Kxd6 56. Rxd8+ Kc7 57. Rd7+ Kc8 58. Rg7 $18) 54. Nb7 Rc1+ 55. Kd4 Rd1+ 56.
Ke4 Re1+ 57. Kd5 Rd1+ 58. Kc6 h5 59. Nxd8 h4 (59... Rxd8 60. Rxd8 Kxd8 61. b6
cxb6 62. cxb6 Kc8 63. b7+ Kb8 64. e6 h4 65. e7 $18) 60. Kb7 $1 g5 (60... Rxd8
61. Rxd8 Kxd8 62. b6 c6 63. Ka8 h3 64. b7 $18) 61. Nc6+ Ke6 62. Rh8 1-0

[Event "Danzhou 6th"]
[Site "Danzhou"]
[Date "2015.07.04"]
[Round "3"]
[White "Wang, Yue"]
[Black "Wei, Yi"]
[Result "1-0"]
[WhiteElo "2716"]
[BlackElo "2724"]
[Annotator "Fischer,J"]
[PlyCount "85"]
[EventDate "2015.07.02"]
[EventType "tourn"]
[EventRounds "9"]
[EventCountry "CHN"]
[EventCategory "17"]
[SourceTitle "CBM 167"]
[Source "ChessBase"]
[SourceDate "2015.07.13"]
[SourceVersion "1"]
[SourceVersionDate "2015.07.13"]
[SourceQuality "1"]

1. Nf3 Nf6 2. c4 g6 3. Nc3 d5 4. cxd5 Nxd5 5. h4 Bg7 6. e4 Nxc3 7. dxc3 Qxd1+
8. Kxd1 b6 9. Bf4 Bb7 10. Bb5+ c6 11. Be2 Nd7 12. Kc2 e5 13. Be3 c5 14. Nd2 f5
15. f3 Nf6 16. Bd3 O-O 17. a4 {The queens are off the board but White manages
to keep Black under pressure and plays on both wings.} ({After} 17. exf5 {
Black plays} Nd5) 17... Rac8 18. a5 b5 19. a6 Ba8 20. Bxb5 fxe4 21. Bc4+ Kh8
22. h5 exf3 23. gxf3 gxh5 24. Rh4 ({Komodo prefers to set its sight on the
queenside and wants to play} 24. Ra5 {here - with a clear advantage for White.
After the textmove Black comes close to equality again.}) 24... Rfe8 25. Ne4
Nxe4 26. fxe4 Bf6 27. Rxh5 Bxe4+ 28. Bd3 Bxd3+ 29. Kxd3 {Black is a pawn up
but all his pawns are weak and White's king is much more active than Black's.
Komodo here recommends} Re6 ({Black is a pawn up but all his pawns are weak
and White's king is much more active than Black's. Komodo here recommends} 
29... c4+ 30. Ke4 Re7 31. Rh6 Rf7 32. Rf1 $14) 30. Kc4 Rcc6 $6 {Now Black gets
into trouble.} 31. Bxc5 Be7 32. b4 Bxc5 33. bxc5 e4 34. Kd5 $1 {White's king
has the two black rooks well under control.} e3 35. Rh3 e2 36. Rh2 Rg6 37. Rxe2
Rc8 38. Re5 Rd8+ 39. Kc4 Rg4+ 40. Kb5 Rb8+ 41. Kc6 Rg6+ 42. Kc7 Rb3 43. Rd1 1-0